000 01453nam a2200337 a 4500
001 000009324
005 20240305100318.0
008 090929t2008 dr 000 p spa d
020 _a9789993494867
040 _aDO-SdBNP
041 1 7 _afre
_apor
_aspa
_acat
082 _aB869.144
_bG754c
100 1 _aGrando, Cristiane,
_d1974-
_924064
245 1 0 _aCaminantes /
_cCristiane Grando ; prólogo Sergio Rodríguez Saavedra ; traducción al francés Cristiane Grando ; traducción al español Espérance Aniesa y Melania Yens ; traducción al inglés de Ángel Ortega ; traducción al catalán Pere Bessò.
250 _aEd. especial.
260 _aSanto Domingo :
_bPunto Mágico,
_c2008.
300 _a48 p. ;
_c22 cm.
500 _aIncluye datos biográficos de la autora en la contracubierta.
500 _aEdición especial para la XI Feria Internacional del Libro de Santo Domingo en homenaje a la Asociación de Estados del Caribe - ACS.
546 _aTexto en español, inglés, portugés y catalán.
586 _aPremio UNESCO-Aschberg de Literatura 2002.
650 4 _aPoesía brasileña
_9822
650 4 _aLiteratura brasileña
_9823
700 1 _aRodríguez Saavedra, Sergio,
_epról.
_924065
700 1 _aAniesa, Espérance,
_etr.
_9824
700 1 _aYens, Melania,
_etr.
_9825
700 1 _aOrtega, Ángel,
_etr.
_924066
700 1 _aBessò, Pere,
_etr.
_924067
910 _aValidado. Control de calidad EMS.
049 _aBNPD
999 _c9084
_d9084